O tribunal de contas e o direito fundamental à segurança cibernética : (Record no. 158)

MARC details
000 -LÍDER
Campo Fixo de Controle 00943cam a2200241 a 4500
001 - NÚMERO DE CONTROLE
Campo de Controle 158
003 - IDENTIFICAÇÃO DO NÚMERO DE CONTROLE
Campo de Controle BR-CuiBMT
005 - DATA E HORA DA ÚLTIMA ATUALIZAÇÃO
Campo de Controle 20231114232725.0
008 - DADOS FIXOS
Dados Fixos 230822s2023 mgb 000 0 por d
020 ## - INTERNATIONAL STANDARD BOOK NUMBER
Nº do ISBN 9786555184921
040 ## - AGÊNCIA CATALOGADORA
Código da Agência Catalogadora BR-CuiBMT
Agência que transcreveu o registro BR-CuiBMT
080 ## - Nº DA CLASSIFICAÇÃO DECIMAL UNIVERSAL
Nº edição CDU 2007
Nº Class. CDU 342.7
Subd. Auxiliar Comum (81)
090 ## - NÚMERO DE CHAMADA
Nº classificação 342.7(81)
Cutter M152t
100 1# - ENTRADA PRINCIPAL -- AUTOR PESSOAL
Nome pessoal Maciel, Moises,
Datas associadas ao nome 1969-
245 12 - TÍTULO PRINCIPAL
Título principal O tribunal de contas e o direito fundamental à segurança cibernética :
Subtítulo pressuposto da governança nas cidades digitais brasileiras em busca da proteção da pessoa humana numa sociedade da informação /
Indicação de responsabilidade Moises Maciel ; prefácio Thami Covatti Piaia.
260 ## - PUBLICAÇÃO, DISTRIBUIÇÃO, ETC.
Local de publicação Belo Horizonte :
Editora Fórum,
Data 2023.
300 ## - DESCRIÇÃO FÍSICA
N. páginas ou volumes 429 p. ;
Dimensões 22 cm
504 ## - NOTA DE BIBLIOGRAFIA, ETC.
Nota de bibliografia Inclui bibliografia.
650 ## - ASSUNTO TÓPICO
Cabeçalho tópico ou nome geográfico Direitos fundamentais
Subdivisão geral Cidadãos
Subdivisão geográfica Brasil
650 ## - ASSUNTO TÓPICO
Cabeçalho tópico ou nome geográfico Proteção de dados pessoais
Subdivisão geral Governança
650 ## - ASSUNTO TÓPICO
Cabeçalho tópico ou nome geográfico Segurança cibernética
Subdivisão geral Políticas públicas
Subdivisão geográfica Brasil
942 ## - ELEMENTOS DE ENTRADA ADICIONAIS (KOHA)
Fonte de classificação ou esquema de arquivamento Classificação Decimal Universal
Tipo de item do Koha Livros
Holdings
Estado: removido Estado: perdido Fonte de classificação ou esquema de arquivamento Estado: danificado Indisponível para empréstimo Localização permanente Localização atual Data de aquisição Total Checkouts Número de Chamada completo Código de barras Date last seen Número do exemplar Preço efetivo a partir de Tipo de item (Koha)
    Classificação Decimal Universal     Biblioteca da Escola Superior de Contas do TCE/MT Biblioteca da Escola Superior de Contas do TCE/MT 28/06/2023   342.7(81) M152t BIBTCEMT23080135 22/08/2023 Ex. 1 22/08/2023 Livros

Powered by Koha